000 00187 a2200097 4500
020 _a9788424132293
041 _aspa
100 _aGerard Finel
245 _aAsi Nace un Libro
942 _cBK
999 _c16060
_d16060